| 000 | 01293nam a2200241Ia 4500 | ||
|---|---|---|---|
| 003 | Ost | ||
| 005 | 20260507075627.0 | ||
| 008 | 260507s9999||||xx |||||||||||||| ||und|| | ||
| 020 | _a9789931033240 | ||
| 040 | _cfsecg | ||
| 041 | _aara | ||
| 082 | _a332.2 | ||
| 100 |
_aمليكاوي،مولود _eمؤلف |
||
| 245 | 0 |
_aأساسيات في الضريبة المحلية والدولية / _cمولود مليكاوي |
|
| 260 |
_aالجزائر: _bدار هومة, _c2018 |
||
| 300 |
_a254 صفحة؛ _bإيضاحات ؛ _c22 سم |
||
| 504 | _aمراجع ص.245 | ||
| 520 | _aالإطار النظري للضريبة والسياسة الضريبية والتهرب الضريبي الداخلي ،العفو الضريبي مع الإزدواج الضريبي المحلي والضرائب في عالم الأعمال الإلكترونية، يوجد أيضا مفهوم وطرق تقدير تكاليف الإنفاق الضريبي، الإجازة الضريبية والفراغ الضريبي وأيضا الإزدواج والتهرب والتنسيق الضريبي الدولي والملاذات الضريبية. | ||
| 653 | _aالازدواج الضريبي | ||
| 653 | _aالضرائب المحلية | ||
| 653 | _aالضرائب- تهرب | ||
| 942 | _cكتاب | ||
| 999 |
_c45178 _d45178 |
||